000 00311nam a22001337a 4500
008 170324b xxu||||| |||| 00| 0 eng d
020 _a9780924674686
041 _aeng
080 _22ND
_a615.82
100 _a8
101 _aSHM
245 _aWAYS TO WINNING PHYSICIAN SUPPORT
_cTHOMPSON, R.E
942 _2udc
_cBK
999 _c8612
_d8612